| 000 | 00683nam a2200217 i 4500 | ||
|---|---|---|---|
| 999 |
_c596 _d596 |
||
| 005 | 20200104041512.0 | ||
| 008 | 140221s1990 ck ||||| |||| 00| 0 spa d | ||
| 040 |
_aCO-BoIAVH _cCO-BoIAVH |
||
| 041 | _aspa | ||
| 044 | _ack | ||
| 090 |
_aIND-I _b41 |
||
| 100 | 1 | _aPáez Aguilar, Juan Manuel | |
| 245 | 1 | 0 | _aPrograma nacional para la conservación del cóndor andino en Colombia |
| 260 |
_aBogotá . _bInderena _c1990 |
||
| 300 | _a28 páginas | ||
| 650 | 1 | 4 | _aConservación de la diversidad biológica |
| 650 | 2 | 4 | _aEspecies amenazadas |
| 650 | 2 | 4 | _aConservación de especies |
| 650 | 2 | 4 |
_aCóndor _xProtección _zColombia |
| 942 |
_cINFORME _2z _01 |
||